| 000 | 02040nam a2200421 c 4500 | ||
|---|---|---|---|
| 003 | BLK | ||
| 005 | 20180420215651.0 | ||
| 008 | 180413b bul|||||r ||||||| ||bul|| | ||
| 010 | _aKNG00023568000 | ||
| 020 |
_a954-733-009-8 _bиздат.: Прозорец |
||
| 040 | _aBLK | ||
| 041 |
_aBUL _cBUL |
||
| 080 |
_aПолитика. Вж и 341 ; 342 _b32 _x(47+57)(091) _z32(47+57)(091) |
||
| 080 |
_aОргани на обществения ред. Полиция. Обществена власт. Доброволни отреди. Държавна сигурност. Милиция. Дейност на полицията по вътрешно разузнаване _b351.74 _x(47+57)(091) _z351.74(47+57)(091) |
||
| 100 | 1 |
_aБунич, Игор Лвович _eпърви автор _943920 |
|
| 700 | 1 |
_aСтоичкова, Красимира _eпрев. от рус. _9258975 |
|
| 139 |
_aБунич, Игор Лвович _bБ 86 |
||
| 245 | 1 | 0 |
_aЗлатото на партията - II _bПолигонът на Сатаната _cИгор Лвович Бунич; прев. от рус. Красимира Стоичкова. |
| 257 | _aSUN | ||
| 260 |
_аСофия _bПрозорец _c1998 _fСофия : Балкан прес |
||
| 300 |
_a384 с. _c20 см |
||
| 380 | _a3 | ||
| 500 | _aОриг. загл. Золото партии II. Беспредель / Игор Бунич. - Кн. е продълж. на Златото на партията. - Офс. изд. | ||
| 650 | 4 |
_aВътрешна политика - СССР _9263270 |
|
| 650 | 4 |
_aСССР - външна политика _9265574 |
|
| 650 | 4 |
_aДържавна сигурност - СССР - история _9255978 |
|
| 651 | 4 |
_aСССР _9179592 |
|
| 651 | 4 |
_aРусия _9179465 |
|
| 653 | _aвътрешна политика | ||
| 653 | _aдържавна сигурност | ||
| 653 | _aистория | ||
| 653 | _aСССР | ||
| 852 | _aЦб 189134 | ||
| 856 | 4 |
_qpdf _u |
|
| 856 | 4 |
_qpdf _u |
|
| 942 |
_cKNG _n0 |
||
| 944 |
_aCR _c15.01.2003 _kМилена_Ачева |
||
| 944 |
_aED _c08.05.2014 _k |
||
| 999 |
_c21291 _d21291 |
||